Química (Record no. 116678)
[ view plain ]
| 000 -LEADER | |
|---|---|
| fixed length control field | 00816nam a22002297a 4500 |
| 005 - DATE AND TIME OF LATEST TRANSACTION | |
| control field | 20240301121229.0 |
| 008 - FIXED-LENGTH DATA ELEMENTS--GENERAL INFORMATION | |
| fixed length control field | 240301b mx |||||||| |||| 00| 0 spa d |
| 020 ## - INTERNATIONAL STANDARD BOOK NUMBER | |
| International Standard Book Number | 9786074561258 |
| 050 04 - LIBRARY OF CONGRESS CALL NUMBER | |
| Classification number | QD31.3 |
| Item number | P35 2009 |
| 100 1# - MAIN ENTRY--PERSONAL NAME | |
| Personal name | Paleo González, Ehécatl L. D. |
| Fuller form of name | (Ehécatl Luis David) |
| 245 10 - TITLE STATEMENT | |
| Title | Química |
| Statement of responsibility, etc | / Ehécatl L. D. Paleo González, Miguel A. Jaimes Vasconcelos, Maritza Quintanilla Bravo. |
| 246 14 - VARYING FORM OF TITLE | |
| Title proper/short title | Química |
| Remainder of title | : Basado en competencias. |
| 250 ## - EDITION STATEMENT | |
| Edition statement | 1a ed. |
| 260 ## - PUBLICATION, DISTRIBUTION, ETC. (IMPRINT) | |
| Place of publication, distribution, etc | México : |
| Name of publisher, distributor, etc | Editorial Progreso, |
| Date of publication, distribution, etc | 2009. |
| 300 ## - PHYSICAL DESCRIPTION | |
| Extent | v. : |
| Other physical details | il. ; |
| Dimensions | 27 cm. |
| 500 ## - GENERAL NOTE | |
| General note | Progreso fomenta la práctica de valores. |
| 504 ## - BIBLIOGRAPHY, ETC. NOTE | |
| Bibliography, etc | Incluye bibliografía. |
| 650 #7 - SUBJECT ADDED ENTRY--TOPICAL TERM | |
| Source of heading or term | lemb |
| Topical term or geographic name as entry element | Química |
| 700 1# - ADDED ENTRY--PERSONAL NAME | |
| Personal name | Jaimes Vasconcelos, Miguel A., |
| Relator term | autor |
| 700 1# - ADDED ENTRY--PERSONAL NAME | |
| Personal name | Quintanilla Bravo, Maritza, |
| Relator term | autor |
| 942 ## - ADDED ENTRY ELEMENTS (KOHA) | |
| Source of classification or shelving scheme | Biblioteca del Cogreso de los Estados Unidos |
| Koha item type | Libro |
| Estado de pérdida | Fuente de clasificación | Estado del daño | No para préstamo | Ubicación permanente | Ubicación actual | Apartado o colección | Fecha de adquisición | Fuente de adquisición | Edición | Enumeración de Serie / Cronológica | Área del conocimiento | Total Checkouts | Clasificación | Código de Barras | Date last seen | Número de copia | Costo por reposición | Tipo de recurso |
|---|---|---|---|---|---|---|---|---|---|---|---|---|---|---|---|---|---|---|
| Biblioteca del Cogreso de los Estados Unidos | Biblioteca de la Preparatoria Ing. Pascual Ortiz Rubio | Biblioteca de la Preparatoria Ing. Pascual Ortiz Rubio | General | 01/03/2024 | Donación | 1a ed. | V:1 | Ciencias Naturales y Exactas | QD31.3 P35 2009 | PPO000008269 | 01/03/2024 | 1 | 1.00 | Libro |